| 000 | 00605nam a2200217Ia 4500 | ||
|---|---|---|---|
| 005 | 20250508163729.0 | ||
| 008 | 008 250505s9999 xx 000 0 eng d | ||
| 020 | _a0-7507-0496-9 | ||
| 037 | _aReference | ||
| 040 |
_aFEDL _beng _cFEDL |
||
| 041 |
_aeng _2eng |
||
| 084 |
_a371.102, LAW _qFEDL |
||
| 100 | _aLawn Martin | ||
| 245 | 0 | _aModern times? Work, professionalism and citizenship in teaching | |
| 260 |
_aLondon, UK _bFalmer Press _c1996 |
||
| 300 | _aviii,166p. | ||
| 365 |
_aGBP _b13.95 |
||
| 650 | _aTeaching | ||
| 942 |
_cREF _h371.102, LAW |
||
| 999 |
_c1384938 _d1384938 |
||